<La> política mexicana en materia de traspaso tecnológico. Una evaluación crítica del reglamento de la ley.

Technologický faktor je podstatou, ktorá otriasa spoločnosťou. Všetky krajiny chcú hrať hlavnú úlohu v technologických zmenách s cieľom modernizácie. Analýza zákona o transfere technológie, použitia a využívania patentov a značiek v Mexiku. Porovnanie starších zákonov s novými (1982-88).

Gespeichert in:
Bibliographische Detailangaben
1. Verfasser: Álvarez Soberanis, J.
Format: Buchkapitel
Sprache:Spanisch
Schlagworte:
Tags: Tag hinzufügen
Keine Tags, Fügen Sie das erste Tag hinzu!

MARC

LEADER 00000naa a2200000 4500
001 r003111
005 20220818104530.6
041 0 |a spa 
044 |a MX 
245 1 0 |a <La> política mexicana en materia de traspaso tecnológico.  |b Una evaluación crítica del reglamento de la ley.  |c J. Álvarez Soberanis 
520 |a Technologický faktor je podstatou, ktorá otriasa spoločnosťou. Všetky krajiny chcú hrať hlavnú úlohu v technologických zmenách s cieľom modernizácie. Analýza zákona o transfere technológie, použitia a využívania patentov a značiek v Mexiku. Porovnanie starších zákonov s novými (1982-88). 
610 2 0 |a technológia 
610 2 0 |a modernizácia 
610 2 0 |a zákony 
610 2 0 |a transfer technológie 
610 2 0 |a patenty 
610 2 0 |a známky ochranné 
610 2 0 |a Mexiko 
610 2 0 |a 1982-1988 
100 1 |a Álvarez Soberanis, J.